000 00656nam a2200133Ia 4500
008 220615s9999||||xx |||||||||||||| ||und||
022 _a0302-9743 / 1611-3349
100 _aDanyal Farsani||Josefina Hernández||Roberto Araya
245 0 _aChapter: 'How to Attract Students’ Visual Attention' from book: Adaptive and Adaptable Learning: 11th European Conference on Technology Enhanced Learning, EC-TEL 2016, Lyon, France, September 13-16, 2016, Proceedings
546 _aEnglish[eng]
650 _aeye gaze||hand gestures||classroom practices||video analysis
856 _uhttps://link.springer.com/chapter/10.1007/978-3-319-45153-4_3
942 _cEB
999 _c8168
_d8168